| 000 | 00486nam a2200169 4500 | ||
|---|---|---|---|
| 001 | 143323 | ||
| 003 | ES-MaACL | ||
| 005 | 20231228205942.0 | ||
| 007 | t| | ||
| 008 | 070214s1969 sp r ||||1| spa d | ||
| 100 | 1 |
_aSender, Ramón J., _d1901-1982 _9105441 |
|
| 245 | 1 | 0 |
_aNovelas ejemplares de Cíbola / _cRamón J. Sender. |
| 260 |
_aSanta Cruz de Tenerife : _bRomerman, _c1969. |
||
| 300 |
_a415 p. ; _c17 cm. |
||
| 852 |
_aES-MaACL _jC-40763 _bR.71571 |
||
| 999 |
_c143323 _d143323 |
||